[Event "AUTO-MASTER-966"]
[Site "http://www.queenalice.com/game.php?id=900361"]
[Date "2011.2.14"]
[Round "3"]
[White "deltaboy"]
[Black "alfabeto"]
[Result "1/2-1/2"]
[WhiteElo "2378"]
[BlackElo "2176"]

1. e4 Nf6 2. Nc3 d5 3. e5 Ne4 4. d4 Nxc3 5. bxc3 c5 6. f4 Nc6 7. Qd2 e6 8. Bb2
Qb6 9. Rb1 cxd4 10. cxd4 Nxd4 11. Qc1 Nf5 12. Bc3 Qe3+ 13. Qxe3 Nxe3 14. Kd2
Nxf1+ 15. Rxf1 Bc5 16. Nf3 b6 17. Nd4 Bxd4 18. Bxd4 Bd7 19. Ra1 Ba4 20. g4 Kd7
21. Rhf1 Rhc8 22. c3 b5 23. Rab1 a5 24. a3 Rab8 25. f5 Rc4 26. Rf4 b4 27. fxe6+
Kxe6 28. axb4 axb4 29. Ke3 b3 30. Rb2 Rc6 31. h4 Ra6 32. Bc5 Be8 33. Bb4 Kxe5
34. Rxb3 Ke6 35. Rb2 f6 36. Rbf2 Bg6 37. h5 Be4 38. h6 Kf7 39. hxg7 Kxg7 40. Bc5
h6 41. Bd4 Rf8 42. Rf1 Kg6 43. Kf2 Rf7 44. Kg3 f5 45. Kh4 Ra2 46. gxf5+ Rxf5 47.
Rg4+ Kf7 48. Rg7+ Kf8 49. Rxf5+ Bxf5 50. Kg3 Be4 51. Rc7 h5 52. Kf4 Re2 53. Kg5
Bf3 54. Kf6 Ke8 55. Be5 Bg4 56. Re7+ Kd8 57. Bc7+ Kc8 58. Rxe2 Bxe2 59. Bg3 Kd7
60. Kg5 Ke6 61. Kh4 Kf5 1/2-1/2

[Event "AUTO-MASTER-966"]
[Site "http://www.queenalice.com/game.php?id=900362"]
[Date "2011.2.14"]
[Round "3"]
[White "alfabeto"]
[Black "deltaboy"]
[Result "1-0"]
[WhiteElo "2166"]
[BlackElo "2362"]

1. e4 c6 2. d4 d5 3. Nc3 dxe4 4. Nxe4 Bf5 5. Ng3 Nf6 6. Nxf5 Qa5+ 7. c3 Qxf5 8.
Nf3 e6 9. Qb3 Qe4+ 10. Be2 c5 11. Ng5 c4 12. Qxc4 Qd5 13. Qc8+ Ke7 14. Bf3 Qd7
15. Qxb7 h6 16. Nh3 Nd5 17. Qxa8 Nc6 18. c4 Nxd4 19. O-O Nxf3+ 20. gxf3 Nb6 21.
Qe4 g5 22. b3 Bg7 23. Ba3+ Ke8 24. Rad1 Qc8 25. Rfe1 e5 26. Qd3 Bf6 27. Qd6 Nd7
28. Rxe5+ Nxe5 29. Qxf6 Ng6 30. Re1+ 1-0

[Event "Challenge"]
[Site "http://www.queenalice.com/game.php?id=908521"]
[Date "2011.3.4"]
[Round "-"]
[White "jjjcarvalho"]
[Black "alfabeto"]
[Result "0-1"]
[WhiteElo "1638"]
[BlackElo "2172"]

1. d4 f5 2. c4 Nf6 3. Nf3 e6 4. Nc3 Bb4 5. Bd2 O-O 6. a3 Bxc3 7. Bxc3 b6 8. e3
Bb7 9. Bd3 Ne4 10. Bxe4 fxe4 11. Nd2 Qg5 12. O-O d5 13. cxd5 exd5 14. f4 exf3
15. Nxf3 Qxe3+ 16. Kh1 Nd7 17. Re1 Qf4 18. Bd2 Qd6 19. Bb4 c5 20. dxc5 bxc5 21.
Bd2 Nf6 22. h3 Ne4 23. Kg1 Qg3 24. Rf1 Nxd2 25. Qxd2 d4 26. Nh2 Rxf1+ 27. Rxf1
Re8 28. Kh1 d3 29. Nf3 Re2 30. Qxe2 dxe2 31. Re1 Bxf3 32. gxf3 Qxe1+ 33. Kg2 Qh4
0-1

[Event "AUTO-OPEN-2321"]
[Site "http://www.queenalice.com/game.php?id=920507"]
[Date "2011.4.1"]
[Round "1"]
[White "PawnOne"]
[Black "alfabeto"]
[Result "0-1"]
[WhiteElo "2046"]
[BlackElo "2182"]

1. e4 d5 2. exd5 Qxd5 3. Nc3 Qa5 4. Nf3 Nf6 5. d3 Bg4 6. Bd2 Qb6 7. b3 e6 8. Be2
Nbd7 9. O-O Be7 10. Be3 c5 11. a3 Qc6 12. Ne1 Bxe2 13. Qxe2 O-O 14. Qf3 Ne5 15.
Qxc6 Nxc6 16. Nf3 Nd5 17. Nxd5 exd5 18. Rfe1 Rfe8 19. c3 Bf6 20. d4 cxd4 21.
Nxd4 Nxd4 22. Bxd4 Rxe1+ 23. Rxe1 Bxd4 24. cxd4 Rc8 25. a4 Kf8 26. g3 Rc3 27.
Re3 Rxe3 28. fxe3 g5 29. Kf2 Ke7 30. Kf3 f5 31. h3 Kf6 32. g4 a5 33. Kf2 h5 34.
gxh5 Kg7 35. Kf3 Kh6 36. Kg2 Kxh5 37. Kg3 b6 38. Kf3 Kh4 39. Kg2 g4 40. hxg4
fxg4 41. Kh2 g3+ 42. Kg2 Kg4 43. e4 dxe4 44. d5 e3 45. Kf1 Kf3 46. d6 g2+ 0-1

[Event "AUTO-OPEN-2321"]
[Site "http://www.queenalice.com/game.php?id=920519"]
[Date "2011.4.1"]
[Round "1"]
[White "salvador_2011"]
[Black "alfabeto"]
[Result "1/2-1/2"]
[WhiteElo "2221"]
[BlackElo "2175"]

1. e4 Nc6 2. Nf3 g6 3. d4 Bg7 4. Be2 d6 5. Be3 e5 6. dxe5 Nxe5 7. Nxe5 Bxe5 8.
Bd4 Qf6 9. Bxe5 Qxe5 10. Nc3 Ne7 11. Qd3 a6 12. Qc4 Be6 13. Qxc7 Rc8 14. Qxb7
Rxc3 15. f4 Qc5 16. bxc3 Qxc3+ 17. Kf2 Qd4+ 18. Kf3 Nd5 19. Qb3 Nc3 20. Qb8+ Ke7
21. Qc7+ Kf6 22. Bd3 Nd5 23. exd5 Bxd5+ 24. Ke2 Re8+ 25. Kd2 Qxf4+ 26. Kc3 Qe5+
27. Kb4 Re7 28. Qc8 Rb7+ 29. Ka4 Qd4+ 30. Bc4 Qd2 31. Raf1+ Kg7 32. Qxb7 Bxb7
33. Rxf7+ Kh6 34. Rxb7 Qxc2+ 35. Ka5 Qxc4 36. a4 d5 37. Rhb1 d4 38. R1b4 Qc3 39.
h4 d3 40. g4 g5 41. Rb6+ Kg7 42. Rb7+ Kf6 43. Kxa6 1/2-1/2

[Event "AUTO-OPEN-2321"]
[Site "http://www.queenalice.com/game.php?id=920520"]
[Date "2011.4.1"]
[Round "1"]
[White "alfabeto"]
[Black "salvador_2011"]
[Result "0-1"]
[WhiteElo "2184"]
[BlackElo "2158"]

1. e4 e6 2. d4 d5 3. Nc3 dxe4 4. Nxe4 Nd7 5. Nf3 Ngf6 6. Nxf6+ Nxf6 7. Bd3 Be7
8. O-O O-O 9. c3 b6 10. Re1 Bb7 11. Bg5 Rc8 12. Qc2 h6 13. Bxf6 Bxf6 14. Be4 c6
15. Rad1 Qc7 16. Ne5 Bg5 17. g3 a6 18. f4 Bf6 19. Ng4 Be7 20. f5 exf5 21. Bxf5
Rcd8 22. Re3 Bg5 23. Re5 c5 24. Qe2 g6 25. h4 gxf5 26. hxg5 fxg4 27. Qxg4 h5 28.
Qxh5 cxd4 29. g6 f6 30. Qh7+ Qxh7 31. gxh7+ Kf7 32. Rh5 dxc3 33. Rxd8 Rxd8 34.
bxc3 Kg7 35. Rh4 Bc8 36. g4 Rh8 37. Kf2 Rxh7 0-1

[Event "AUTO-OPEN-2407"]
[Site "http://www.queenalice.com/game.php?id=957510"]
[Date "2011.7.6"]
[Round "1"]
[White "REDWOLF"]
[Black "alfabeto"]
[Result "0-1"]
[WhiteElo "1646"]
[BlackElo "2190"]

1. e4 d5 2. exd5 Qxd5 3. Nf3 Bg4 4. Be2 Nc6 5. O-O O-O-O 6. Nc3 Qd7 7. h3 Bh5 8.
d3 e5 9. Be3 f5 10. Nxe5 Bxe2 11. Nxd7 Bxd1 12. Nxf8 Bxc2 13. Ne6 Rd7 14. d4 Nf6
15. Rac1 Bd3 16. Rfe1 Bc4 17. Nc5 Rdd8 18. b3 Bf7 19. Rcd1 h6 20. a3 g5 21. b4
f4 22. Bd2 Nxd4 23. a4 Bh5 24. f3 Bxf3 25. Rb1 Nc2 26. Re5 Rxd2 27. gxf3 Ne3 28.
N3e4 Rg2+ 29. Kh1 Nh5 30. Rg1 Rxg1+ 31. Kxg1 Rd8 32. Nc3 b6 33. h4 bxc5 34. Rxc5
Ng3 35. hxg5 Rd2 36. Ne2 Rd1+ 0-1

[Event "AUTO-OPEN-2407"]
[Site "http://www.queenalice.com/game.php?id=957511"]
[Date "2011.7.6"]
[Round "1"]
[White "alfabeto"]
[Black "REDWOLF"]
[Result "1-0"]
[WhiteElo "2171"]
[BlackElo "1744"]

1. e4 e5 2. f4 exf4 3. Bc4 Bc5 4. d4 Bb6 5. Bxf4 Nf6 6. e5 Ne4 7. Qf3 Ng5 8.
Bxg5 Qxg5 9. Qxf7+ Kd8 10. Ne2 Qxg2 11. Rg1 Qc6 12. Rxg7 Re8 13. Rg8 Rxg8 14.
Qxg8+ Ke7 15. Qf7+ 1-0

[Event "AUTO-OPEN-2407"]
[Site "http://www.queenalice.com/game.php?id=957534"]
[Date "2011.7.6"]
[Round "1"]
[White "dladuke7"]
[Black "alfabeto"]
[Result "0-1"]
[WhiteElo "1438"]
[BlackElo "2174"]

1. e4 Nc6 2. d4 e5 3. d5 Nce7 4. Nf3 d6 5. Bb5+ Bd7 6. Bxd7+ Qxd7 7. Nc3 g6 8.
O-O h5 9. Ng5 Nh6 10. Qf3 Bg7 11. Be3 a6 12. Nh3 Qg4 13. Qxg4 Nxg4 14. f3 Nxe3
15. Rf2 Nc4 16. b3 Nb6 17. a4 Bh6 18. Kf1 Be3 19. Re2 Bd4 20. Rd1 Bxc3 21. Rd3
Bb2 22. c4 Bc1 23. Re1 Bh6 24. Ng1 Nd7 25. h4 Nc5 26. Rc3 Bd2 27. Rb1 Bxc3 0-1

[Event "AUTO-OPEN-2407"]
[Site "http://www.queenalice.com/game.php?id=957535"]
[Date "2011.7.6"]
[Round "1"]
[White "alfabeto"]
[Black "dladuke7"]
[Result "1-0"]
[WhiteElo "2173"]
[BlackElo "1440"]

1. f4 d5 2. Nf3 Nc6 3. e3 Bg4 4. Bb5 Qd7 5. O-O Bxf3 6. Qxf3 Nf6 7. Nc3 a6 8.
Bxc6 Qxc6 9. d3 e6 10. Bd2 Bb4 11. Rac1 O-O 12. g4 Bxc3 13. Bxc3 Qd7 14. g5 Ne8
15. Kh1 g6 16. Rg1 Ng7 17. Rg4 Nf5 18. Bf6 h5 19. gxh6 Nxh6 20. Qh3 Kh7 21.
Qxh6+ Kxh6 22. Rh4# 1-0

[Event "AUTO-OPEN-2407"]
[Site "http://www.queenalice.com/game.php?id=957550"]
[Date "2011.7.6"]
[Round "1"]
[White "alfabeto"]
[Black "HILITO"]
[Result "1-0"]
[WhiteElo "2191"]
[BlackElo "2170"]

1. e4 c6 2. d4 d5 3. Nc3 dxe4 4. Nxe4 Nd7 5. Bd3 Ngf6 6. Ng5 e6 7. N1f3 Be7 8.
O-O O-O 9. c3 Qb6 10. Ne5 h6 11. Ngf3 c5 12. Qe2 a6 13. a4 cxd4 14. cxd4 Nd5 15.
a5 Qd6 16. Rd1 N7f6 17. h3 Bd7 18. g4 Bc6 19. Nxc6 Qxc6 20. Ne5 Qc7 21. g5 hxg5
22. Bxg5 Nh7 23. Bxh7+ Kxh7 24. Qh5+ Kg8 25. Bxe7 Qxe7 26. Ra3 Qc7 27. Rg3 Nf4
28. Qg4 Ng6 29. Nxg6 fxg6 30. Qxe6+ Qf7 31. Rxg6 Rad8 32. d5 Kh7 33. Qxf7 Rxf7
34. Re6 Rf5 35. d6 Rf7 36. Kg2 Rf6 37. Rxf6 gxf6 38. Kf3 Kg6 39. Ke4 1-0

[Event "AUTO-MASTER-1844"]
[Site "http://www.queenalice.com/game.php?id=1165337"]
[Date "2013.3.27"]
[Round "1"]
[White "barrai"]
[Black "alfabeto"]
[Result "0-1"]
[WhiteElo "1955"]
[BlackElo "2220"]

1. e4 Nf6 2. Nc3 d5 3. e5 Ne4 4. Nge2 Nxc3 5. bxc3 c5 6. d4 Nc6 7. Ng3 Qa5 8.
Bd2 e6 9. c4 Qa4 10. c3 Qxd1+ 11. Rxd1 dxc4 12. Bxc4 cxd4 13. Bb5 dxc3 14. Bxc3
Bd7 15. Ne4 Nxe5 16. Bxe5 Bxb5 17. Bd6 Bc6 18. f3 Bxd6 19. Nxd6+ Ke7 20. Nc4
Rhd8 21. Kf2 Bd5 22. Na5 b6 23. Nb3 Bxb3 24. axb3 Rxd1 25. Rxd1 Rc8 26. Rd3 a5
27. h4 Rc2+ 28. Kg3 b5 29. Kh3 b4 30. g4 Rc3 0-1

[Event "AUTO-MASTER-1844"]
[Site "http://www.queenalice.com/game.php?id=1165338"]
[Date "2013.3.27"]
[Round "1"]
[White "alfabeto"]
[Black "barrai"]
[Result "1-0"]
[WhiteElo "2224"]
[BlackElo "1930"]

1. e4 c5 2. Nf3 Nc6 3. Bb5 d6 4. d4 cxd4 5. Qxd4 Bd7 6. Bxc6 bxc6 7. Nc3 Nf6 8.
e5 Ng4 9. exd6 exd6 10. O-O Be6 11. Re1 Nf6 12. Qc4 Be7 13. Qxc6+ Nd7 14. Nd4
Rc8 15. Qa4 O-O 16. Nxe6 fxe6 17. Qg4 Rf6 18. Rxe6 Ne5 19. Qh3 Qd7 20. Rxe7 Qxe7
21. Qxc8+ Rf8 22. Qa6 Ng4 23. Qc4+ Qf7 24. Qxf7+ Rxf7 25. Be3 Ne5 26. b3 h6 27.
Nd5 Ng4 28. Rd1 a5 29. Rd4 h5 30. Ra4 Nxe3 31. Nxe3 1-0

[Event "AUTO-MASTER-1844"]
[Site "http://www.queenalice.com/game.php?id=1165353"]
[Date "2013.3.27"]
[Round "1"]
[White "giobetti"]
[Black "alfabeto"]
[Result "0-1"]
[WhiteElo "1956"]
[BlackElo "2208"]

1. e4 Nc6 2. Nf3 d6 3. d4 Nf6 4. Nc3 Bg4 5. Be2 h6 6. O-O Qd7 7. Re1 Bxf3 8.
Bxf3 O-O-O 9. Be3 g5 10. Be2 Kb8 11. d5 Ne5 12. Qd4 c5 13. dxc6 Nxc6 14. Qa4 Ng4
15. Bb5 Nxe3 16. Rxe3 e6 17. Rd1 a6 18. Bxa6 bxa6 19. Qxa6 Qb7 20. Qa3 d5 21.
Nxd5 Bxa3 0-1

[Event "AUTO-MASTER-1844"]
[Site "http://www.queenalice.com/game.php?id=1165354"]
[Date "2013.3.27"]
[Round "1"]
[White "alfabeto"]
[Black "giobetti"]
[Result "1-0"]
[WhiteElo "2202"]
[BlackElo "1995"]

1. e4 c5 2. Nf3 e6 3. Nc3 d5 4. exd5 exd5 5. Bb5+ Nc6 6. Ne5 Qd6 7. O-O Be7 8.
d4 cxd4 9. Bf4 Qc5 10. Nd3 Qb6 11. Nxd5 1-0

[Event "AUTO-MASTER-1844"]
[Site "http://www.queenalice.com/game.php?id=1165363"]
[Date "2013.3.27"]
[Round "1"]
[White "Bobtzu"]
[Black "alfabeto"]
[Result "0-1"]
[WhiteElo "2087"]
[BlackElo "2227"]

1. e4 Nf6 2. Nc3 d5 3. exd5 Nxd5 4. Qf3 c6 5. Bc4 Be6 6. Nge2 Nc7 7. Bxe6 Nxe6
8. O-O g6 9. d3 Bg7 10. Ne4 O-O 11. c3 Nd7 12. d4 Nb6 13. N2g3 Qd5 14. Nd2 Rfd8
15. Qxd5 Rxd5 16. Nf3 Rc8 17. Re1 c5 18. dxc5 Rcxc5 19. Be3 Rb5 20. Bxb6 Rxb6
21. Rab1 Rdb5 22. b3 Bxc3 23. Red1 Ra5 24. Rd7 Rxa2 25. h3 Ra1 26. Rxa1 Bxa1 27.
Rxe7 Rxb3 28. Ne4 Rb1+ 29. Kh2 Kf8 30. Rd7 Ke8 31. Rxb7 Rxb7 32. Nd6+ Kd7 33.
Nxb7 Bc3 0-1

[Event "AUTO-MASTER-1844"]
[Site "http://www.queenalice.com/game.php?id=1165364"]
[Date "2013.3.27"]
[Round "1"]
[White "alfabeto"]
[Black "Bobtzu"]
[Result "1-0"]
[WhiteElo "2212"]
[BlackElo "2079"]

1. f4 Nc6 2. Nf3 b6 3. b3 Bb7 4. Bb2 Nf6 5. e3 e6 6. Be2 Be7 7. O-O O-O 8. a4 a5
9. Na3 Ba6 10. Bxa6 Rxa6 11. Qe1 Ne8 12. Qg3 Bf6 13. Ne5 g6 14. e4 Bg7 15. f5
Nxe5 16. Bxe5 d6 17. Bxg7 Kxg7 18. fxe6 fxe6 19. Rxf8 Kxf8 20. Rf1+ Nf6 21. e5
dxe5 22. Qxe5 Qe7 23. Rxf6+ 1-0

[Event "AUTO-MASTER-1844"]
[Site "http://www.queenalice.com/game.php?id=1201581"]
[Date "2013.7.21"]
[Round "2"]
[White "alfabeto"]
[Black "goldenboy"]
[Result "1-0"]
[WhiteElo "2235"]
[BlackElo "2091"]

1. e4 e5 2. d4 exd4 3. c3 dxc3 4. Bc4 cxb2 5. Bxb2 Bb4+ 6. Kf1 Bf8 7. Nc3 c6 8.
Nf3 d6 9. Qb3 Qe7 10. Re1 b5 11. Nxb5 cxb5 12. Bd5 Ba6 13. Bxa8 Nd7 14. Bc6 b4+
15. Kg1 g6 16. Bxh8 Nf6 17. e5 1-0

[Event "AUTO-MASTER-1844"]
[Site "http://www.queenalice.com/game.php?id=1201582"]
[Date "2013.7.21"]
[Round "2"]
[White "goldenboy"]
[Black "alfabeto"]
[Result "1/2-1/2"]
[WhiteElo "2059"]
[BlackElo "2243"]

1. e4 Nf6 2. Nc3 d5 3. exd5 Nxd5 4. Qf3 c6 5. Bc4 Be6 6. Nge2 Nc7 7. Bxe6 Nxe6
8. d3 g6 9. Bd2 Bg7 10. O-O O-O 11. Rad1 Nd7 12. Bf4 Nxf4 13. Qxf4 Nb6 14. Rfe1
e6 15. b3 Nd5 16. Nxd5 cxd5 17. c4 Qa5 18. Qd2 Qxd2 19. Rxd2 Rfd8 20. Red1 Bh6
21. f4 Rd7 22. cxd5 Rxd5 23. g3 e5 24. Nc3 Rd7 25. Ne2 Rad8 26. Kf2 exf4 27.
gxf4 Rd5 28. Kf3 Bg7 29. d4 f5 30. Ke3 1/2-1/2

[Event "AUTO-MASTER-1844"]
[Site "http://www.queenalice.com/game.php?id=1201583"]
[Date "2013.7.21"]
[Round "2"]
[White "alfabeto"]
[Black "MikeDoherty"]
[Result "0-1"]
[WhiteElo "2237"]
[BlackElo "2334"]

1. f4 Nf6 2. Nf3 c5 3. b3 g6 4. Bb2 Bg7 5. e3 O-O 6. Be2 Nc6 7. O-O d6 8. a4 Qc7
9. Na3 a6 10. Qe1 Bg4 11. Qh4 Bxf3 12. Rxf3 d5 13. f5 d4 14. fxg6 hxg6 15. Rh3
Qe5 16. Nc4 Qe4 17. Qxe4 Nxe4 18. Bd3 Ng5 19. Rg3 Ne6 20. Be4 Rac8 21. Rf1 Rfd8
22. Nb6 Rc7 23. Nd5 Rcc8 24. Nb6 Rc7 25. Nd5 Rcc8 26. Nf4 Nxf4 27. exf4 e6 28.
Ba3 b6 29. Bd3 Nb4 30. Bxb4 cxb4 31. Rc1 a5 0-1

[Event "AUTO-MASTER-1844"]
[Site "http://www.queenalice.com/game.php?id=1201584"]
[Date "2013.7.21"]
[Round "2"]
[White "MikeDoherty"]
[Black "alfabeto"]
[Result "1-0"]
[WhiteElo "2359"]
[BlackElo "2228"]

1. e4 Nf6 2. e5 Nd5 3. Nf3 d6 4. d4 Bg4 5. Be2 Nc6 6. c4 Nb6 7. exd6 exd6 8. O-O
Be7 9. b3 O-O 10. Nbd2 a5 11. Bb2 a4 12. d5 Nb8 13. Qc2 Bf6 14. Bxf6 Qxf6 15.
Ne4 Qh6 16. Nd4 Bd7 17. Ng3 axb3 18. axb3 Rxa1 19. Rxa1 Qf6 20. Qd2 Na6 21. Ne4
Qh4 22. Bd3 h6 23. Nf3 Qd8 24. Bc2 Re8 25. Qc3 Bg4 26. Nd4 Qh4 27. Re1 Kf8 28.
b4 Bc8 29. Nf3 Qd8 30. Re3 Nb8 31. Nd4 N8d7 32. Bb3 Nf6 33. Nxf6 Qxf6 34. Rxe8+
Kxe8 35. Qe3+ Qe5 36. Qxe5+ dxe5 37. Nb5 Na8 38. c5 Bd7 39. Nc3 f5 40. f3 Ke7
41. Kf2 g5 42. Ke3 Ke8 43. g4 Ke7 44. gxf5 Bxf5 45. Ne4 Bd7 46. Nf2 Kf6 47. Ng4+
Bxg4 48. fxg4 b6 49. Ba4 1-0